Entisiä lippuja - Statistics

Yleistilastot
  • Tätä visaa on pelattu 708 kertaa
  • Keskiarvotulos 9 / 16
Vastaustilastot
Kuvavisa Hint Vastaus % Oikein
(1923–1991) Neuvostoliitto
91%
(1777–1795) Yhdysvallat
88%
(1882–1910) Korean keisarikunta
87%
(1959–1990) Itä-Saksa
77%
(1889–1912) Kiina
73%
(1971–1972) Bangladesh
71%
(1977–2011) Libya
53%
(1211–?) Ranska
50%
(1836–1846) Texas
49%
(1868–1921) Kanada
41%
(1855–1893) Thaimaa
40%
(1941–1974) Etiopia
38%
(1928–1994) Etelä-Afrikka
35%
(1916–1951) Tiibet
34%
(1496–?) Espanja
27%
(1430–1806) Pyhä saksalais-roomalainen keisarikunta
19%
Ehtoja vastaavia visoja ei löytynyt
Tulosjakauma
Jokaisen tuloksen saaneiden osuus
Persentiili vastausten määrän mukaan
Tuloshistoriasi
Et ole pelannut tätä visaa